Catálogo

REGULACION NATURAL DE LA NATALIDAD (Registro nro. 32210)

Detalles MARC
000 -LEADER
fixed length control field 00403nam a2200157 a 4500
001 - CONTROL NUMBER
control field 32210
005 - DATE AND TIME OF LATEST TRANSACTION
control field 20180713235746.0
008 - FIXED-LENGTH DATA ELEMENTS--GENERAL INFORMATION
fixed length control field 140415s1980 sp 000 0 spa d
020 ## - INTERNATIONAL STANDARD BOOK NUMBER
International Standard Book Number 8429305653
041 ## - LANGUAGE CODE
Language code of text/sound track or separate title spa
082 ## - DEWEY DECIMAL CLASSIFICATION NUMBER
Classification number 613.94
Item number NOF
245 00 - TITLE STATEMENT
Title REGULACION NATURAL DE LA NATALIDAD
250 ## - EDITION STATEMENT
Edition statement 1a ed.
260 ## - PUBLICATION, DISTRIBUTION, ETC.
Place of publication, distribution, etc. ESPAÑA :
Name of publisher, distributor, etc. SAL TERRAE,
Date of publication, distribution, etc. 1980
300 ## - PHYSICAL DESCRIPTION
Extent 121
Dimensions 12 x 2 x 18
Existencias
Withdrawn status Lost status Source of classification or shelving scheme Damaged status Not for loan Collection code Home library Current library Shelving location Date acquired Source of acquisition Total Checkouts Full call number Barcode Date last seen Date last checked out Price effective from Koha item type
    Dewey Decimal Classification     General Tehuacán Tehuacán Sala general 03/12/2013 Compra   613.94 NOF 507080 08/01/2025 08/10/2014 03/12/2013 Libro